[Event "San Jose op"]
[Site "San Jose"]
[Date "1998.??.??"]
[Round "6"]
[White "Moreno, Julian"]
[Black "Casanova, G."]
[Result "1-0"]
[WhiteElo "1875"]
[BlackElo "1690"]

1.e4 d6 2.d4 g6 3.Nc3 Bg7 4.f4 Nd7 5.Nf3 c5 6.Bc4 Nb6 7.Qd3 Bg4 8.Ng5 Nxc4
9.Qxc4 d5 10.Nxd5 e6 11.Ne3 h6 12.Qb5+ Kf8 13.Nxf7 Kxf7 14.Nxg4 Qh4+ 15.Nf2 Bxd4
16.g3 Qd8 17.c3 Bxf2+ 18.Kxf2 b6 19.Be3 Nf6 20.e5 Nd5 21.Rhd1 Qe7 22.c4 a6
23.Qc6 Rhc8 24.Qd6 Nxe3 25.Kxe3 Rab8 26.Qxe7+ Kxe7 27.Rd6 Rb7 28.Rad1 a5
29.a4 Rcc7 30.g4 Rc8 31.Ke4 Rf8 32.Rf1 Rbb8 33.f5 g5 34.Rxe6+ Kf7 35.Rd1 Rb7
36.Rdd6 Re8 37.Rxe8 Kxe8 38.f6 b5 39.cxb5 c4 40.e6 Rc7 41.Kd5 c3 42.f7+ Kf8
43.Rd8+  1-0

[Event "Liechtenstein op"]
[Site "Schaan"]
[Date "1998.??.??"]
[Round "7"]
[White "Pirttimaki, Timo"]
[Black "Hirzel, Rene"]
[Result "0-1"]
[WhiteElo "2265"]
[BlackElo "2160"]

1.e4 g6 2.d4 Bg7 3.Nc3 d6 4.Be3 c6 5.a4 a5 6.Qd2 Nd7 7.h3 Ngf6 8.g4 e5 9.Nge2 O-O
10.Bg2 Re8 11.O-O exd4 12.Bxd4 Ne5 13.b3 b5 14.axb5 cxb5 15.g5 b4 16.gxf6 bxc3
17.Nxc3 Qxf6 18.Kh1 Qh4 19.f4 Bxh3 20.fxe5 Rxe5 21.Bxe5 Bxe5 22.Rf2 Rc8  0-1

[Event "Staufer op 10th"]
[Site "Schwaebisch Gmuend"]
[Date "1998.??.??"]
[Round "2"]
[White "Lederle, Vitus"]
[Black "Badea, Bela"]
[Result "0-1"]
[WhiteElo "2085"]
[BlackElo "2545"]

1.e4 g6 2.d4 Bg7 3.Nc3 d6 4.Be3 a6 5.Qd2 b5 6.f3 Nd7 7.Nge2 c6 8.g4 h5 9.g5 e6
10.Bg2 Ne7 11.O-O Qc7 12.Nd1 a5 13.Rc1 c5 14.c4 bxc4 15.Rxc4 Ba6 16.Rc2 O-O
17.Ndc3 Nc6 18.dxc5 dxc5 19.Rd1 Nb4 20.Rcc1 Ne5 21.Bf4 Rad8 22.Qe3 Nbd3 23.Rc2 Nxf4
24.Qxf4 Qb6 25.Qe3 Bd3 26.Rcc1 Nc4 27.Qf2 Nxb2 28.Rd2 Nc4 29.Rdd1 Qb4 30.f4 Nb2
31.Rd2 Bxe2 32.Rxd8 Rxd8 33.Nxe2 Nd3  0-1

[Event "Staufer op 10th"]
[Site "Schwaebisch Gmuend"]
[Date "1998.??.??"]
[Round "8"]
[White "Lindoerfer, Klaus"]
[Black "Lederle, Vitus"]
[Result "1-0"]
[WhiteElo "2260"]
[BlackElo "2085"]

1.e4 g6 2.d4 Bg7 3.Nc3 d6 4.Be3 a6 5.Qd2 b5 6.f3 c6 7.Nge2 Nd7 8.g4 h5 9.gxh5 Rxh5
10.Ng3 Rh8 11.h4 e5 12.h5 exd4 13.Bxd4 Bxd4 14.Qxd4 Qg5 15.Qxd6 Ne5 16.Nf5 f6
17.hxg6 Bxf5 18.Rxh8 Qg3+ 19.Kd1 Bxg6 20.Qe6+ Kd8 21.Qxg8+ Kc7 22.Qxa8  1-0

[Event "Seefeld op 9th"]
[Site "Seefeld"]
[Date "1998.??.??"]
[Round "1"]
[White "Thielen, Dankward"]
[Black "Duric, Rajko"]
[Result "1/2-1/2"]
[WhiteElo "2145"]
[BlackElo "1605"]

1.e4 g6 2.d4 Bg7 3.Nc3 d6 4.f4 e6 5.Nf3 Ne7 6.Be3 f5 7.Bd3 fxe4 8.Bxe4 c6
9.O-O O-O 10.Qe1 Nd7 11.Kh1 Nf6 12.Bd3 Nfd5 13.Ng5 h6 14.Nxd5 Nxd5 15.Nf3 Nxf4
16.Bxf4 Rxf4 17.Bxg6 Qf6 18.Bd3 Bd7 19.c3 Rf8 20.Nd2 Rxf1+ 21.Nxf1 d5 22.Kg1 Qg5
23.Qg3 e5 24.Qxg5 hxg5 25.dxe5 Bxe5 26.Re1 Bd6 27.Nd2 Bc5+ 28.Kh1 Rf2 29.Re2 g4
30.Rxf2 Bxf2 31.g3 b5 32.Kg2 Bb6 33.b4 Kg7 34.Nb3 Kf6 35.Kf1 Be3 36.Nd4 Ke5
37.Ne2 Bf5 38.Bxf5 Kxf5 39.Kg2 Ke4 40.h4 gxh3+ 41.Kxh3 Kd3 42.Nd4 Kxc3 43.Nxc6 d4
44.Nxa7 Kxb4 45.Nc6+ Ka3 46.Kg2 Kxa2 47.Kf3 Kb3 48.Ke4 Kc3 49.g4 b4 50.Ne7 b3
51.Nd5+ Kd2 52.Nb6 b2 53.Nc4+ Kc3 54.Nxb2 Kxb2 55.Kd3 Kb3 56.g5  1/2-1/2

[Event "Seefeld op 9th"]
[Site "Seefeld"]
[Date "1998.??.??"]
[Round "1"]
[White "Laengl, Juergen"]
[Black "Greifzu, Helmut"]
[Result "1-0"]
[WhiteElo "2260"]
[BlackElo "1925"]

1.d4 d6 2.e4 g6 3.Nc3 Bg7 4.f4 c6 5.Nf3 Bg4 6.Be3 Qb6 7.Qd2 Bxf3 8.gxf3 Nd7
9.O-O-O Qc7 10.h4 b5 11.h5 b4 12.Ne2 Qa5 13.Kb1 Ngf6 14.h6 Bf8 15.Nc1 Rb8
16.Rh2 e6 17.f5 exf5 18.Nb3 Qc7 19.exf5 Be7 20.Re1 O-O 21.Bg5 Rfe8 22.fxg6 fxg6
23.Bh3 Nf8 24.Rhe2 Nd5 25.Bxe7 Rxe7 26.Rxe7 Nxe7 27.f4 Nd5 28.f5 Qf7 29.fxg6 hxg6
30.Rf1 Qe7 31.Na5 Nc3+ 32.Ka1 Ne4 33.Qe3 Re8 34.Nxc6 Qh4 35.Qb3+ Ne6 36.Bxe6+ Kh7
37.Qh3 Qg5 38.Nxb4 Nf6 39.d5 a5 40.Nd3 Nxd5 41.Bxd5  1-0

[Event "RUS-chJ Girls"]
[Site "Sochi"]
[Date "1998.??.??"]
[Round "?"]
[White "Zimina, Olga"]
[Black "Koroljova, Valerija"]
[Result "1-0"]
[WhiteElo "2195"]
[BlackElo "2195"]

1.e4 g6 2.d4 Bg7 3.Nc3 d6 4.h3 e6 5.Nf3 a6 6.a4 b6 7.Bf4 Ne7 8.Qd2 h6 9.Bc4 Nd7
10.Rd1 Bb7 11.Bb3 g5 12.Bg3 Ng6 13.h4 g4 14.h5 gxf3 15.hxg6 fxg6 16.gxf3 Qf6
17.Qe3 O-O-O 18.Ne2 g5 19.Kd2 Rdf8 20.f4 Qg6 21.f3 gxf4 22.Bxf4 e5 23.dxe5 Nxe5
24.c3 h5 25.Rdg1 Qf6 26.Rh3 Bc6 27.Rg5 Qe7 28.Kc1 Rxf4 29.Rxg7 Qxg7 30.Nxf4 Qg5
31.Kb1 Rf8 32.Be6+ Kb7 33.Bf5 Nc4 34.Qc1 Rxf5 35.exf5 Qxf5+ 36.Ka1 Na5 37.Qe3 Nb3+
38.Ka2 Qa5 39.Rxh5 Qxa4+ 40.Kb1 Qa1+ 41.Kc2 Nc5 42.Kd2 Qxb2+ 43.Ke1 a5 44.Qd2 Qb1+
45.Kf2 a4 46.Nd5 a3 47.Nb4 Qg6 48.Rh4 Qf7 49.Nxc6 Kxc6 50.c4 Kb7 51.Kg3 Qe6
52.Rg4 Nd7 53.Qg2 Ka7 54.Rg7 b5 55.cxb5 a2 56.b6+ Kxb6 57.Qb2+ Kc6 58.Rg5 Nc5
59.Kg2 Qc4 60.Rg4 Qb3 61.Qh8 Qc2+ 62.Kg3 Qb3 63.Qa8+ Nb7 64.Qa4+ Qxa4 65.Rxa4 Kd5
66.Rxa2 c5 67.Re2 c4 68.f4 Nc5 69.f5 Nd7  1-0

[Event "ROM-chT"]
[Site "Sovata"]
[Date "1998.??.??"]
[Round "3"]
[White "Suba, Mihai"]
[Black "Badea, Bela"]
[Result "1/2-1/2"]
[WhiteElo "2535"]
[BlackElo "2545"]

1.d4 g6 2.e4 Bg7 3.Nc3 d6 4.Be3 a6 5.Qd2 b5 6.f3 Nd7 7.a4 b4 8.Nd1 a5 9.Bb5 Bb7
10.c3 c6 11.Bd3 bxc3 12.bxc3 Ngf6 13.Bh6 O-O 14.Bxg7 Kxg7 15.Ne2 e5 16.O-O d5
17.Nf2 c5 18.Rab1 Qc7 19.exd5 Nxd5 20.Bb5 N5f6 21.Bxd7 Nxd7 22.Ng4 exd4 23.cxd4 h5
24.Ne3 Ba6 25.Rfe1 Bxe2 26.Rxe2 Qd6 27.d5 Qf4 28.g3 Qd4 29.Qc2 Rfe8 30.Rd1 Qf6
31.f4 Rad8 32.Kg2 Qa6 33.Nc4 Rxe2+ 34.Qxe2 Nf6 35.d6 Qc6+  1/2-1/2

[Event "ROM-chT"]
[Site "Sovata"]
[Date "1998.??.??"]
[Round "4"]
[White "Ionica, Iulia"]
[Black "Calota, Alina"]
[Result "1/2-1/2"]
[WhiteElo "2185"]
[BlackElo "2085"]

1.e4 g6 2.d4 Bg7 3.Nc3 d6 4.Nf3 a6 5.Be3 b5 6.a4 bxa4 7.Rxa4 Bb7 8.Bc4 Nd7
9.Ng5 e6 10.Bxe6 fxe6 11.Nxe6 Qc8 12.Nxg7+ Kf7 13.Nh5 gxh5 14.Qxh5+ Kf8 15.Ra5 Ndf6
16.Rf5 Qe8 17.Qh4 Qg6 18.Rg5 Qf7 19.Rf5 Qg6 20.Rg5 Qf7 21.e5 Nd5 22.Ne4 Nde7
23.O-O Nf5 24.Qf4 Nfe7 25.exd6 Qxf4 26.dxe7+ Nxe7 27.Bxf4 Bxe4 28.Bxc7 Kf7
29.Rc5 Rac8 30.Re1 Bb7 31.c4 Rhg8 32.d5 Nf5 33.g3 Nd4 34.Re3 Rge8 35.d6 Rxe3
36.fxe3 Ne6 37.Re5 Nxc7 38.Re7+ Kf6 39.Rxh7 Ne6 40.Rxb7 Rxc4 41.Rb6 Nc5 42.b4 Ne4
43.Rxa6 Rxb4 44.Kg2 Kf5 45.Ra5+ Ke6 46.g4 Nxd6 47.Kf3 Nf7 48.Ra6+ Ke7 49.h3 Ng5+
50.Kg3 Ne4+ 51.Kf3 Ng5+ 52.Kg2 Kf7 53.Ra5 Kf6 54.Rf5+ Kg6 55.Rf4 Rb2+ 56.Kg3 Rb3
57.h4 Rxe3+ 58.Kf2 Ra3 59.hxg5 Kxg5 60.Rb4 Ra2+ 61.Kg3 Ra3+ 62.Kf2  1/2-1/2

[Event "St Helier op"]
[Site "St Helier"]
[Date "1998.??.??"]
[Round "7"]
[White "Jackson, Sheila"]
[Black "Cherniaev, Alexander"]
[Result "0-1"]
[WhiteElo "2150"]
[BlackElo "2465"]

1.e4 g6 2.d4 Bg7 3.Nc3 d6 4.Nf3 Nf6 5.Be2 O-O 6.O-O a6 7.a4 Nc6 8.a5 Bg4
9.Be3 e5 10.d5 Ne7 11.Nd2 Bd7 12.Na4 Ne8 13.b4 f5 14.f3 f4 15.Bf2 h5 16.c4 g5
17.c5 Ng6 18.Nc4 Bb5 19.Nc3 g4 20.fxg4 hxg4 21.Nxb5 axb5 22.Nd2 g3 23.hxg3 dxc5
24.Bxc5 fxg3 25.Bxf8 Bxf8 26.Rxf8+ Kxf8 27.Bxb5 Qh4 28.Qf3+ Ke7 29.Nf1 Nd6
30.Bd3 Rf8 31.Qe3 Nf4 32.Ra3 Rh8 33.Qxg3 Qh1+ 34.Kf2 Rf8 35.Qg7+ Rf7 36.Qxe5+ Kf8
37.Ke3 Nxd3 38.Kxd3 Qxf1+  0-1

[Event "Petrov mem"]
[Site "St Petersburg"]
[Date "1998.??.??"]
[Round "5"]
[White "Shakhov, Aleksandr E"]
[Black "Chepukaitis, Genrikh"]
[Result "0-1"]
[WhiteElo "2215"]
[BlackElo "2420"]

1.e4 g6 2.d4 Bg7 3.Nc3 d6 4.g3 Nc6 5.Be3 Nf6 6.h3 e5 7.dxe5 Nxe5 8.f4 Ned7
9.Bg2 O-O 10.Nge2 Re8 11.O-O a6 12.g4 h6 13.Ng3 Rb8 14.Ba7 Ra8 15.Bd4 c5
16.Bf2 Nf8 17.Qd2 Ne6 18.Nce2 Ra7 19.Be3 Kh7 20.Rad1 b6 21.c3 Rd7 22.Qc2 Qe7
23.Rf2 Bb7 24.g5 hxg5 25.fxg5 Ng8 26.Nf5 Qd8 27.Nxg7 Nxg7 28.h4 d5 29.Rdf1 d4
30.cxd4 cxd4 31.Nxd4 Rxd4 32.Rxf7 Re7 33.Qc3 Qc7 34.Rxe7 Qxe7 35.Qxd4 b5
36.e5 Bxg2 37.Kxg2 Qe6 38.Rf6  0-1

[Event "Petrov mem"]
[Site "St Petersburg"]
[Date "1998.??.??"]
[Round "8"]
[White "Bezgodov, Alexei"]
[Black "Gelman, Alexander"]
[Result "1-0"]
[WhiteElo "2520"]
[BlackElo "2440"]

1.e4 d6 2.d4 g6 3.Nc3 Bg7 4.Be2 Nf6 5.Nf3 O-O 6.O-O c5 7.d5 e6 8.Nd2 exd5
9.exd5 Nbd7 10.Nc4 Nb6 11.Ne3 Ne8 12.a4 f5 13.a5 Nd7 14.Nc4 Ne5 15.Bf4 Nxc4
16.Bxc4 g5 17.Bd2 Bf6 18.Qh5 Qe7 19.Rfe1 Qf7 20.Qxf7+ Kxf7 21.Nb5 Bd8 22.b4 a6
23.Rxe8 axb5 24.Rxf8+ Kxf8 25.Bxb5 cxb4 26.Bxb4 Be7 27.g3 f4 28.Bd3 h5 29.Kg2 h4
30.gxf4 gxf4 31.Kf3 Kf7 32.Rg1 Bf6 33.Bxd6 Bc3 34.Bc7 Bxa5 35.Bxa5 Rxa5 36.Kxf4 b5
37.Rb1 Bd7 38.Ke5 h3 39.Kd6 Ke8 40.f4 Ra6+ 41.Ke5  1-0

[Event "SVK-chT1W 9798"]
[Site "SVK"]
[Date "1998.??.??"]
[Round "?"]
[White "Strachan, Jan"]
[Black "Beres, Dominik"]
[Result "1-0"]
[WhiteElo "2220"]
[BlackElo "2015"]

1.e4 g6 2.d4 Bg7 3.Nc3 d6 4.Be3 Nf6 5.Be2 c6 6.a4 Qa5 7.Bf3 O-O 8.h3 Nbd7
9.Ne2 e5 10.O-O Qc7 11.Qd2 Re8 12.Ng3 Nb6 13.b3 Nbd7 14.Rad1 Bf8 15.Bh6 Qa5
16.Bxf8 Nxf8 17.d5 Kg7 18.Qe3 Qc7 19.Rd2 h6 20.Rfd1 Rd8 21.Be2 cxd5 22.exd5 a6
23.Bc4 N6d7 24.f4 f5 25.fxe5 Nxe5 26.Qd4 Kh7 27.Rf2 Qe7 28.Rdf1 Bd7 29.Bd3 Rac8
30.Nce2 Qg5 31.Rf4 h5 32.c4 Re8 33.Bb1 b5 34.cxb5 axb5 35.a5 Rc5 36.Kh2 Ra8
37.b4 Rc4 38.Qb6 h4 39.Nxf5 Rxf4 40.Rxf4 gxf5 41.Qb7 Re8 42.Rxf5 Qd2 43.Rxe5+ Kg8
44.Rxe8 Bxe8 45.Qe7 Bh5 46.Ng1 Ng6 47.Bxg6 Bxg6 48.Qxd6 Bf7 49.Nf3 Qa2 50.Qd8+ Kg7
51.d6 Bd5 52.Qg5+ Kh7 53.Qxh4+ Kg7 54.d7 Bxf3 55.Qg3+  1-0

[Event "SVK-chT1W 9798"]
[Site "SVK"]
[Date "1998.??.??"]
[Round "?"]
[White "Franzen, Josef"]
[Black "Marko, Anton"]
[Result "1-0"]
[WhiteElo "2310"]
[BlackElo "2155"]

1.e4 g6 2.d4 d6 3.Nc3 Bg7 4.f4 Nc6 5.Be3 Nf6 6.Nf3 O-O 7.Be2 a6 8.Qd2 b5
9.a3 Na5 10.h3 c6 11.O-O Nc4 12.Bxc4 bxc4 13.Nh4 e6 14.Qf2 Rb8 15.Rab1 Qa5
16.Bd2 Qb6 17.e5 Nd7 18.Ne4 d5 19.Nc5 Nxc5 20.dxc5 Qa7 21.Nf3 a5 22.Bc3 Rd8
23.Bd4 Ba6 24.c3 Bb5 25.Nh2 Ba4 26.Ng4 h6 27.Qh4 Bc2 28.Rbc1 Rxb2 29.Qxd8+  1-0

[Event "SVK-chT1W 9798"]
[Site "SVK"]
[Date "1998.??.??"]
[Round "?"]
[White "Pusec, P."]
[Black "Danek, Pavol"]
[Result "1/2-1/2"]
[WhiteElo "2100"]
[BlackElo "2135"]

1.e4 d6 2.d4 g6 3.Nc3 Bg7 4.Be3 c6 5.f4 Nf6 6.Nf3 Qa5 7.Qd2 Bg4 8.Be2 Na6
9.O-O O-O 10.h3 Bxf3 11.Bxf3 e6 12.g4 Nd7 13.f5 exf5 14.gxf5 Qd8 15.Bg2 Nb6
16.b3 c5 17.Ne2 cxd4 18.Bxd4 Be5 19.Rad1 Qh4 20.Bf2 Qe7 21.Nd4 Nc5 22.Be3 Rfe8
23.Bf4 Nxe4 24.Bxe4 Bxd4+ 25.Qxd4 Qxe4  1/2-1/2

[Event "SVK-chT1W 9798"]
[Site "SVK"]
[Date "1998.??.??"]
[Round "?"]
[White "Kolcak, Marek"]
[Black "Danek, Pavol"]
[Result "1/2-1/2"]
[WhiteElo "2170"]
[BlackElo "2140"]

1.e4 d6 2.d4 g6 3.Nc3 Bg7 4.f4 e6 5.Nf3 Ne7 6.Bd3 c5 7.dxc5 dxc5 8.O-O O-O
9.e5 Nd5 10.Ne4 Qb6 11.Kh1 f5 12.exf6 Nxf6 13.Nxf6+ Bxf6 14.Ne5 Nc6 15.Nxc6 Qxc6
16.Qe2 Bd7 17.Bd2 Rae8 18.Bc3 Bxc3 19.bxc3 Qc7  1/2-1/2

[Event "SVK-chT1W 9798"]
[Site "SVK"]
[Date "1998.??.??"]
[Round "?"]
[White "Veres, Aleksandar"]
[Black "Danek, Pavol"]
[Result "0-1"]
[WhiteElo "1795"]
[BlackElo "2075"]

1.e4 d6 2.d4 g6 3.Nc3 Bg7 4.Nf3 c6 5.Be2 b5 6.a3 Nd7 7.d5 a6 8.dxc6 Nb8 9.c7 Bxc3+
10.bxc3 Qxc7 11.Bb2 Nf6 12.a4 bxa4 13.Rxa4 Nbd7 14.O-O Nc5 15.Bb5+ Bd7 16.Bxd7+ Qxd7
17.Rd4 Ne6 18.e5 Nxd4 19.exf6 Nxf3+ 20.Qxf3 O-O 21.c4 Rab8 22.Qc3 e5 23.c5 Rfc8
24.Rd1 Qd8 25.Qa3 Rxc5  0-1

[Event "SVK-chT1W 9899"]
[Site "SVK"]
[Date "1998.??.??"]
[Round "2"]
[White "Rigo, Zsolt"]
[Black "Franzen, Jozef"]
[Result "1/2-1/2"]
[WhiteElo "2240"]
[BlackElo "2320"]

1.e4 g6 2.d4 Bg7 3.Nc3 d6 4.Nf3 c6 5.a4 Nf6 6.h3 O-O 7.Be3 b6 8.Be2 Qc7 9.O-O Nbd7
10.Qd2 a6 11.Rfe1 Re8 12.Bf1 e5 13.dxe5 dxe5 14.Bc4 Bb7 15.Ng5 Re7 16.b4 a5
17.bxa5 Rxa5 18.Rad1 Ra8 19.Qc1 Nc5 20.Bxc5 bxc5 21.Qa3 h6 22.Nf3 Nd7 23.Nd2 Bf8
24.Nb3 Ree8 25.a5 Nb8 26.Na4 Ba6 27.Nb6 Ra7 28.Qa4 Bxc4 29.Qxc4 Qe7 30.Rd3 Rd8
31.Red1 Rxd3 32.Qxd3 Qc7 33.Qd8 Kg7 34.Qxc7 Rxc7 35.Kf1 Na6 36.c3 Rb7 37.Rd7 Rb8
38.Nd2 c4 39.Nbxc4 Nc5 40.Rc7 Na4 41.a6 Ra8 42.Rxc6 Nc5 43.Nxe5 Nxa6 44.Nd7 Be7
45.Ke2 Ra7 46.f4 Nc7 47.Ne5 Nb5 48.Nef3 Ra3 49.c4 Nc3+ 50.Kf2 Nd1+ 51.Kg3 Bb4
52.Nf1 Be1+ 53.Kh2 Bf2 54.Rd6 Ra1 55.e5 Nc3 56.N1d2 Ne2 57.Ne4 Be3 58.g3 Ra2
59.Kh1 Rc2 60.c5 Rc4 61.Nfd2 Bxd2 62.Nxd2 Rxc5 63.Kg2 Nc3 64.Rd7 Kf8 65.Kf3 Ke8
66.Rd3  1/2-1/2

[Event "SVK-chT 9899"]
[Site "SVK"]
[Date "1998.??.??"]
[Round "3"]
[White "Zambor, Norbert"]
[Black "Tibensky, Robert"]
[Result "1/2-1/2"]
[WhiteElo "2280"]
[BlackElo "2410"]

1.e4 d6 2.d4 g6 3.Nc3 Bg7 4.Nf3 Bg4 5.Be2 Nc6 6.Be3 e5 7.dxe5 dxe5 8.Qxd8+ Rxd8
9.Bb5 Bd7 10.Nd5 Rc8 11.O-O-O a6 12.Bxc6 Bxc6 13.Bc5 f6 14.Kb1 Bxd5 15.Rxd5 Rd8
16.Rxd8+ Kxd8 17.Rd1+ Ke8 18.Nd2 Ne7 19.Bxe7 Kxe7 20.c3 Ke6 21.Kc2 f5 22.f3 h5
23.Kd3 Bf8 24.Ke2 Be7 25.h3 b5 26.Nb3 Rf8 27.Nd2 Bc5 28.Rc1 f4 29.Rc2 c6
30.c4 b4 31.Nb3 Be3 32.c5 Rb8 33.Kd3 Rb5 34.g3 a5 35.gxf4 exf4 36.Nd4+ Bxd4
37.Kxd4 b3 38.axb3 Rxb3 39.Rg2 Kf7 40.Rf2 Kf6 41.h4 Re3 42.Rf1 Rb3 43.Rf2 Rb4+
44.Kc3 Rb5 45.Kd4  1/2-1/2

[Event "SVK-chT 9899"]
[Site "SVK"]
[Date "1998.??.??"]
[Round "4"]
[White "Kriz, Oliver"]
[Black "Ruckschloss, Karol"]
[Result "0-1"]
[WhiteElo "2225"]
[BlackElo "2225"]

1.d4 g6 2.e4 Bg7 3.Nc3 d6 4.Be3 Nf6 5.f3 c6 6.Qd2 b5 7.Nge2 Nbd7 8.Bh6 Bxh6
9.Qxh6 Qa5 10.Qd2 O-O 11.g4 b4 12.Nd1 c5 13.Ne3 cxd4 14.Nxd4 Ne5 15.g5 Nh5
16.Nd5 Bb7 17.Qxb4 Qxb4+ 18.Nxb4 Nf4 19.O-O-O Nxf3 20.Bc4 Nxg5 21.Nd5 Nxd5
22.exd5 e5 23.Nc6 Kg7 24.b4 a6 25.a4 f5 26.Bb3 f4 27.c4 f3 28.c5 dxc5 29.Na5 c4
30.Nxb7 cxb3 31.d6 Rab8 32.Nc5 Rxb4 33.d7 Rc4+ 34.Kb2 Rxc5 35.d8=Q Rxd8 36.Rxd8 e4
37.h4 Nf7 38.Re8 Ne5 39.Kxb3 e3 40.Kb4 Nd3+ 41.Kb3 Rc1 42.Rxe3 f2  0-1

[Event "SVK-chT1W 9899"]
[Site "SVK"]
[Date "1998.??.??"]
[Round "4"]
[White "Mikulas, Dusan"]
[Black "Franzen, Jozef"]
[Result "0-1"]
[WhiteElo "2265"]
[BlackElo "2320"]

1.e4 g6 2.d4 Bg7 3.Nc3 d6 4.Nf3 c6 5.Be2 Nd7 6.O-O Qc7 7.a4 b6 8.Be3 Ngf6
9.h3 O-O 10.Re1 Re8 11.Qd2 Bb7 12.Bf1 Rad8 13.Rad1 a6 14.Qc1 e5 15.dxe5 dxe5
16.Bg5 Nc5 17.Bc4 Rxd1 18.Qxd1 b5 19.axb5 axb5 20.Bd3 Ne6 21.Bxf6 Bxf6 22.g3 Be7
23.Qe2 Kg7 24.Ra1 Bc8 25.Kg2 h5 26.Rh1 h4 27.Nd1 Nd4 28.Nxd4 exd4 29.c3 hxg3
30.fxg3 dxc3 31.bxc3 Bd6 32.Qf3 Be5 33.g4 Be6 34.Bc2 Rd8 35.Rf1 Rd2+ 36.Rf2 Qd6
37.Rxd2 Qxd2+ 38.Qf2 Bxc3 39.Nxc3 Qxc3 40.Bb1 b4 41.Qe2 b3 42.h4 Qc1  0-1

[Event "SVK-chT 9899"]
[Site "SVK"]
[Date "1998.??.??"]
[Round "4"]
[White "Hagarova, Zuzana"]
[Black "Petran, Peter"]
[Result "0-1"]
[WhiteElo "2335"]
[BlackElo "2420"]

1.e4 g6 2.d4 Bg7 3.Nc3 d6 4.Nge2 Nd7 5.Be3 c6 6.a4 b6 7.h3 h5 8.g3 Qc7 9.Bg2 e5
10.O-O Ngf6 11.b3 a6 12.Qd2 Bb7 13.Rad1 b5 14.axb5 axb5 15.d5 b4 16.dxc6 Qxc6
17.Nd5 Nxd5 18.exd5 Qb5 19.f4 f5 20.g4 hxg4 21.hxg4 fxg4 22.Be4 O-O-O 23.c4 bxc3
24.Nxc3 Qb4 25.Rc1 Nc5 26.Bg2 Kb8 27.Qa2 Rdf8 28.Ne4 exf4 29.Nxc5 dxc5 30.Rc4 fxe3
31.Rxb4 cxb4 32.Rxf8+ Rxf8 33.Bf1 Bd4 34.Be2 Rd8 35.Qa5 Rxd5 36.Qxb4 Bc5
37.Qf4+ Ka7 38.Qa4+ Kb6 39.b4 Bd4 40.Qa2 Rh5 41.Qe6+ Bc6  0-1

[Event "SVK-chT1E 9798"]
[Site "SVK"]
[Date "1998.??.??"]
[Round "6"]
[White "Singliar, Anton"]
[Black "Tibensky, Robert"]
[Result "0-1"]
[WhiteElo "2205"]
[BlackElo "2435"]

1.d4 g6 2.e4 Bg7 3.Nc3 d6 4.Bc4 Nf6 5.Qe2 c6 6.e5 dxe5 7.dxe5 Nd5 8.Bd2 Be6
9.f4 Nd7 10.Nf3 N7b6 11.Bb3 a5 12.Ng5 Qc8 13.Nxe6 Qxe6 14.Nxd5 cxd5 15.a4 Qc6
16.O-O e6 17.Be3 O-O 18.Bd4 Rfc8 19.Rf3 Nc4 20.g4 Rc7 21.h4 Bf8 22.Qf2 Bc5
23.Bxc5 Qxc5 24.Qxc5 Rxc5 25.Bxc4 Rxc4 26.c3 Rac8 27.Kf2 d4 28.Ra3 Kf8 29.Ke2 dxc3
30.Raxc3 Re4+ 31.Kd3 Rxc3+ 32.Kxc3 Rxa4 33.b3 Rb4 34.f5 exf5 35.gxf5 Rxh4
36.e6 Ke7 37.exf7 Kxf7 38.fxg6+ Kxg6 39.Rd3 Rf4 40.Rd5 Rf5 41.Rd6+ Rf6 42.Rd5 Rc6+
43.Kd3 b6 44.Rb5 h5 45.Ke3 Rf6  0-1

[Event "SVK-chT 9798"]
[Site "SVK"]
[Date "1998.??.??"]
[Round "10"]
[White "Kriz, Mario"]
[Black "Petran, Peter"]
[Result "0-1"]
[WhiteElo "2135"]
[BlackElo "2335"]

1.e4 g6 2.d4 Bg7 3.Nc3 d6 4.Bc4 c6 5.Nf3 Nf6 6.Qe2 O-O 7.Bb3 d5 8.e5 Ne8
9.h3 f6 10.Bf4 Nd7 11.Bg3 Nc7 12.Qe3 f5 13.Ne2 Nb6 14.h4 Nc4 15.Bxc4 dxc4
16.h5 Nd5 17.Qd2 f4 18.Bh4 h6 19.hxg6 Qe8 20.Rg1 Bg4 21.Nc3 Qxg6 22.Nxd5 cxd5
23.O-O-O Rae8 24.Qb4 e6 25.Be7 Rf7 26.Bd6 Rc8 27.Qc3 b5 28.Rde1 Ra8 29.Nd2 a5
30.a3 h5 31.Nb1 Bh6 32.f3 Bf5 33.Qd2 Rb7 34.Nc3 b4 35.Na4 b3 36.c3 Rg7 37.Nc5 h4
38.Qf2 Bg5 39.Rh1 Bb1 40.Re2 Ba2 41.Rd1 h3 42.gxh3 Qh7 43.Nxe6 Bh4 44.Qxh4 Qxh4
45.Nxg7 Qh7 46.Kd2 Kxg7 47.Rg1+ Kf7 48.Rg4 Ke6 49.Reg2 Qd3+ 50.Ke1 Qe3+ 51.Kf1 Bb1  0-1

[Event "SVE-chT 9798"]
[Site "Sweden"]
[Date "1998.??.??"]
[Round "7"]
[White "Svensk, Ingemar"]
[Black "Nilsson, Ove"]
[Result "1-0"]
[WhiteElo "2295"]
[BlackElo "2160"]

1.e4 g6 2.d4 Bg7 3.Nc3 d6 4.f4 c6 5.Be3 Qb6 6.a3 Nh6 7.Be2 d5 8.e5 Nf5 9.Bf2 h5
10.Nf3 Bh6 11.Qc1 Bxf4 12.Qxf4 Qxb2 13.Kd2 Qb6 14.h3 Be6 15.Rab1 Qc7 16.Ng5 Ng7
17.Rb3 Nd7 18.Rhb1 b5 19.a4 a6 20.Be3 Nb6 21.Rf1 O-O 22.Rbb1 Nc4+ 23.Bxc4 dxc4
24.g4 Qa5 25.axb5 axb5 26.Ne4 b4 27.Qh6 bxc3+ 28.Ke2 f6 29.exf6 exf6 30.Rb7 Rf7
31.Nxf6+ Kf8 32.Qh8+  1-0

[Event "Szeged TT08 IM"]
[Site "Szeged"]
[Date "1998.??.??"]
[Round "6"]
[White "Dupsky, Laszlo"]
[Black "Ianov, Viktor"]
[Result "0-1"]
[WhiteElo "2285"]
[BlackElo "2350"]

1.e4 g6 2.d4 Bg7 3.Nc3 d6 4.Bf4 a6 5.Nf3 b5 6.a4 b4 7.Nd5 a5 8.Bc4 e6 9.Ne3 Bb7
10.e5 dxe5 11.Nxe5 Nf6 12.Bg5 h6 13.Bxf6 Qxf6 14.O-O O-O 15.f4 Rd8 16.c3 Nd7
17.Qb3 Nb6 18.N3g4 Qe7 19.Nxf7 Nxc4 20.Nxd8 Bd5 21.Qc2 Qe8 22.Ne5 Nxe5 23.fxe5 b3
24.Qd3 Rxd8 25.Rf4 g5 26.Rf2 c5 27.Raf1 c4 28.Qg3 Rd7 29.Qg4 Qg6 30.h4 Re7
31.Kh2 Qe4 32.Kh3 Qxg4+ 33.Kxg4 gxh4 34.Kxh4 Bc6 35.g4 Ra7 36.Ra1 Be8 37.Rd2 Bc6
38.Rf2 Bf8 39.Raf1 Be7+ 40.Kh5 Bxa4 41.Kxh6 Ra8 42.g5 Bf8+ 43.Kh5 Bg7 44.g6 Bc6
45.Rf7 Rf8 46.Ra1 a4 47.Rc7 Be8 48.Rxc4 Rf5+ 49.Kg4 Bf8 50.Rc8 Bxg6 51.Rxa4 Bh5+
52.Kg3 Kf7 53.Ra7+ Kg6 54.Rc6 Rg5+ 55.Kf2 Kf5 56.Rb6 Ke4 57.Rxb3 Rxe5 58.dxe5 Bc5+
59.Kg3 Bxa7 60.Rb4+ Kf5 61.Rf4+ Kxe5 62.Ra4 Bb8 63.Kf2 Bd1 64.Ra6 Bb3 65.Ke3 Kf5
66.Kd3 e5 67.c4 e4+ 68.Kc3 Bd1 69.b4 e3 70.Ra3 Ke4  0-1

[Event "EST-chT"]
[Site "Tallinn"]
[Date "1998.??.??"]
[Round "3"]
[White "Zjukin, Sergei"]
[Black "Ehlvest, Jaan"]
[Result "0-1"]
[WhiteElo "2425"]
[BlackElo "2610"]

1.e4 g6 2.d4 Bg7 3.Nc3 d6 4.Nf3 Nf6 5.Be2 O-O 6.O-O Nc6 7.d5 Nb8 8.Be3 e5
9.dxe6 Bxe6 10.Nd4 Bd7 11.f3 Nc6 12.Nxc6 bxc6 13.Bc4 Qb8 14.Bb3 a5 15.Qd2 Re8
16.Bh6 Bxh6 17.Qxh6 a4 18.Nxa4 Rxa4 19.Bxa4 Qa7+ 20.Kh1 Qxa4 21.b3 Qa5 22.Rfd1 Be6
23.a4 Ra8 24.Qd2 c5 25.Qxa5 Rxa5 26.Kg1 Nd7 27.Kf2 Kf8 28.Ke3 Ke7 29.Rdb1 h5
30.h4 Kd8 31.c3 Nb6 32.b4 cxb4 33.cxb4 Rxa4 34.Rxa4 Nxa4 35.Rg1 Ke7 36.Ra1 Nb6
37.Rc1 Kd7 38.Kf4 f6 39.g4 Nc4 40.gxh5 gxh5 41.Rg1 Ke7 42.Rc1 Kd7 43.Rg1 Ne5
44.Ke3 Bf7 45.Rg2 c6 46.Rg1 Ke6 47.Rc1 Be8 48.Rd1 f5 49.Kf4 fxe4 50.fxe4 Bd7
51.Kg5 Ke7 52.Kf4 Bg4 53.Rd2 Kd7 54.Kg3 Kc7 55.Rd4 Nf7 56.Kf4 Kb6 57.Ke3 Kb5
58.Kd2 Be6 59.Kd3 c5 60.bxc5 dxc5  0-1

[Event "EST-chT"]
[Site "Tallinn"]
[Date "1998.??.??"]
[Round "5"]
[White "Veingold, Aleksandr"]
[Black "Kulaots, Kaido"]
[Result "1-0"]
[WhiteElo "2475"]
[BlackElo "2450"]

1.d4 g6 2.e4 Bg7 3.Nc3 d6 4.f4 Nc6 5.Be3 Nf6 6.Nf3 O-O 7.e5 Ng4 8.Bg1 dxe5
9.dxe5 f6 10.Bc4+ Kh8 11.h3 Nh6 12.Qe2 fxe5 13.fxe5 e6 14.Rd1 Qe7 15.Bf2 Nf7
16.Bg3 Qc5 17.Rf1 b5 18.Bb3 b4 19.Ne4 Qb6 20.Bf2 Qa5 21.Nc5 Rb8 22.Qe4 Ncxe5
23.Nxe5 Nxe5 24.Bd4 Ba6 25.Rxf8+ Rxf8 26.Nxe6 Rf1+ 27.Kd2 Bh6+ 28.Be3 Bxe3+
29.Qxe3 Rxd1+ 30.Kxd1 Qb5 31.Nxc7 Qd7+ 32.Nd5 Qf5 33.Qf4 Qxf4 34.Nxf4 Bb7
35.Bd5 Ba6 36.h4 Kg7 37.Kd2 Kf6 38.Ke3 Kf5 39.Be6+ Kf6 40.Kd4 Bf1 41.Bh3  1-0

[Event "Tampere We HervS"]
[Site "Tampere"]
[Date "1998.??.??"]
[Round "3"]
[White "Franssila, Tommi"]
[Black "Tuominen, Risto"]
[Result "1/2-1/2"]
[WhiteElo "2225"]
[BlackElo "2190"]

1.e4 g6 2.d4 Bg7 3.Nc3 d6 4.f4 a6 5.Nf3 Nd7 6.Bc4 e6 7.O-O b5 8.Bd3 c5 9.d5 e5
10.fxe5 Nxe5 11.Nxe5 Bxe5 12.Qf3 Qe7 13.a4 b4 14.Nd1 h5 15.Bf4 Bg4 16.Qg3 Bxf4
17.Qxf4 Bxd1 18.Raxd1 Nh6 19.h3 Kf8 20.Rde1 Kg7 21.e5 dxe5 22.Rxe5 Qd6 23.Qe3 Ra7
24.Qg5 Qd8 25.Qg3 Qd6 26.Qg5 Qd8 27.Qg3 Qd6 28.Qg5  1/2-1/2

[Event "Tampere ELO Taraus"]
[Site "Tampere"]
[Date "1998.??.??"]
[Round "4"]
[White "Nokso Koivisto, Antti"]
[Black "Nouro, Mikael"]
[Result "0-1"]
[WhiteElo "2215"]
[BlackElo "2320"]

1.e4 g6 2.d4 Bg7 3.Nc3 d6 4.Be3 a6 5.Qd2 b5 6.h4 Nf6 7.f3 h5 8.Nh3 Nbd7 9.Ng5 Bb7
10.a4 c6 11.Be2 O-O 12.O-O e5 13.dxe5 dxe5 14.Rfd1 Re8 15.Bf1 Qe7 16.Qd6 Qxd6
17.Rxd6 Bf8 18.Rdd1 Nc5 19.axb5 axb5 20.Ne2 Be7 21.Kf2 Rxa1 22.Rxa1 Nfd7
23.Ra7 Ra8 24.Rxa8+ Bxa8 25.g3 Bb7 26.Ke1 Kg7 27.Kd2 f6 28.Nh3 Ne6 29.Nf2 c5
30.Bh3 Kf7 31.Nc3 Bc6 32.b3 Nd4 33.Bg2 Bd8 34.Ne2 f5 35.Bxd4 cxd4 36.Nd3 Ba5+
37.b4 Bc7 38.Nec1 Nb6 39.Ke2 Nc4 40.exf5 gxf5 41.Bh3 Kf6 42.Nb3 Na3 43.Ne1 Bd6
44.Nc5 Bd5 45.Kf2 e4 46.fxe4 Bxe4 47.Bf1 Ke5 48.Ncd3+ Kd5 49.Be2 Kc4 50.Bxh5 Nxc2
51.Nxc2 Kxd3 52.Na3 Bxb4 53.Nxb5 Kc4 54.Nc7 Bc5 55.Ne6 Bb6 56.Bd1 d3+ 57.Kf1 Kc3
58.h5 Kd2 59.Ba4 Be3 60.Nf4 Bd4 61.h6 Kc1 62.h7 Bf6 63.Ng6 d2 64.Nf4 Bc2
65.Ne2+ Kb2  0-1